000 00421nam a2200157 a 4500
005 20140412111236.0
008 010328s19uu xx 00 eng d
020 _a0-590-35596-1
050 _aTR(GS 372.4
_bWAL 1990
100 _aWalling, Elaine
245 _aReading for information F /
_cby Elaine Walling.
260 _aNew York :
_bScholastic Inc,
_c1990.
300 _a32p.
650 _aReading
999 _c102454
_d102454